000 01297nam a2200349 a 4500
001 000109471
003 CHAP
005 20220329144052.0
008 140506s2013 mx a sm |||||||spa d
010 _a105933
011 _a106905
040 _cCHAP
090 _aTesis
100 1 _aCortés Martínez, María Guadalupe
_9126706
245 1 0 _aReducción de emisiones de co2 a través de la reconversión energética en la industria hotelera
_h[En línea]
_cpor María Guadalupe Cortés Martínez y Rocio Rocha Santillano.
260 _aChapingo, Méx. :
_bEl autor,
_c2013.
500 _aPara ver el contenido del material haga clic en la liga
502 _aTesis (Ing. en Recursos Naturales Renovables) -- UACH. Departamento de Suelos
590 _aBATCH-UPD
_b05
_c20141002
_lUCH01
_h0902
590 _aE5995AHE
_b05
_c20140506
_lUCH01
_h0923
590 _aE5995AHE
_b05
_c20140507
_lUCH01
_h0841
650 1 4 _aCalentadores.
_917469
650 1 4 _aEnergía solar.
_936911
650 1 4 _aEnergia, desarrollo de.
_936878
650 1 4 _aGas natural.
_947201
650 1 4 _aMedio ambiente
_xContaminación.
_974069
700 1 _aRocha Santillano, Rocio
_9126707
856 _aFinding aid
_uhttp://10.13.5.2/tesis/sist109471.pdf
_zTeclea aquí
901 _aBK
942 _cTESIS
942 _n0
999 _c105933
_d105933